|
|
|
|
| LEADER |
01290nam a2200277 a 4500 |
| 001 |
3565990 |
| 008 |
090825s1997 si a b 011 0 eng d |
| 010 |
|
|
|a \\\98122586
|
| 020 |
|
|
|a 9810229828
|
| 040 |
|
|
|a OCoLC
|c OCoLC
|d DLC
|
| 082 |
0 |
0 |
|a 531/.11
|2 21
|
| 245 |
0 |
0 |
|a Nonlinear dynamics :
|b the Richard Rand 50th anniversary volume /
|c editor, Ardéshir Guran.
|
| 246 |
3 |
0 |
|a Richard Rand 50th anniversary volume
|
| 260 |
|
|
|a Singapore ;
|a River Edge, NJ :
|b World Scientific,
|c c1997.
|
| 300 |
|
|
|a xvii, 229 p. :
|b ill. (some col.) ;
|c 23 cm.
|
| 490 |
0 |
|
|a Series on stability, vibration, and control of systems.
|n Series B ;
|v v. 2
|
| 500 |
|
|
|a "Consists of a collection of articles, dedicated to Richard Rand, Professor of Theoretical and Applied Mechanics at Cornell, on the occasion of his fiftieth birthday on June 8, 1993"--P. vii.
|
| 504 |
|
|
|a Includes bibliographical references and indexes.
|
| 541 |
1 |
|
|e 00014644
|
| 650 |
|
0 |
|a Dynamics.
|
| 650 |
|
0 |
|a Nonlinear theories.
|
| 700 |
1 |
|
|a Guran, A.
|q (Ardéshir)
|
| 700 |
1 |
|
|a Rand, R. H.
|q (Richard H.)
|
| 852 |
4 |
|
|a Ayesha Abed Library
|j General shelf
|
| 999 |
|
|
|c 3574
|d 3574
|
| 952 |
|
|
|0 0
|1 0
|2 ddc
|4 0
|6 531_110000000000000_NON
|7 0
|9 17627
|a BRACUL
|b BRACUL
|c GEN
|d 2011-07-26
|l 2
|m 5
|o 531.11 NON
|p 3010014644
|r 2026-05-13
|s 2025-05-19
|t 1
|w 2011-07-26
|y BK
|